000 00673nam a22001937a 4500
999 _c159409
_d159409
005 20181217115525.0
010 _aENG-124552
020 _c1050.00
_a9789352808113
035 _aEN-108084
037 _bDBAD/PUB.
082 _a320.954
100 _aRao, N. Bhaskara
245 _aSustainable good governance, development and democracy /
_cby N. Bhaskara Rao
260 _aNew Delhi
_bSage Publications India Pvt. Ltd.
_c2019
270 _aB1/I-1, Mohan Cooperative Industrial Area Mathura Road Post Bag 7
_bNew Delhi
_e110044
300 _axiv,285p.
_c21cm.(Hb)
500 _aIt includes index and about the author
942 _2ddc
_cEN
_mRAO
_h320.954